| 000 | 00566nam a2200181Ia 4500 | ||
|---|---|---|---|
| 003 | GCL | ||
| 008 | 140319s9999 xx 000 0 ara d | ||
| 040 |
_aGCL / _cGCL |
||
| 082 | 0 | 4 |
_a812.043 _bع ن |
| 100 | 1 | _aعلى سالم | |
| 245 | 1 | 0 |
_aالناس اللى فى السما التامنه / _cعلى سالم |
| 260 |
_aالقاهرة : _bوزارة الثقافة ، _c1966 |
||
| 300 |
_a80 ص ؛ _c19 سم |
||
| 490 |
_aالمسرحية _v9 |
||
| 650 | 0 | 4 | _aالمسرحيات الكوميدية |
| 650 | 0 | 4 | _aالمسرحيات - مصر |
| 942 |
_2ddc _cBK |
||
| 999 |
_c41798 _d41798 |
||